000 nam a22 7a 4500
999 _c7757
_d7757
008 171006b xxu||||| |||| 00| 0 eng d
100 _94235
_aTrivedi.etal
245 _aMathematics-XII
260 _aNew Delhi
_bJPH
_c2009